<?xml version="1.0" encoding="UTF-8"?><?xml-stylesheet type="text/xsl" href="static/style.xsl"?><OAI-PMH xmlns="http://www.openarchives.org/OAI/2.0/" xmlns:xsi="http://www.w3.org/2001/XMLSchema-instance" xsi:schemaLocation="http://www.openarchives.org/OAI/2.0/ http://www.openarchives.org/OAI/2.0/OAI-PMH.xsd"><responseDate>2026-06-01T08:38:14Z</responseDate><request verb="GetRecord" identifier="oai:riuma.uma.es:10630/40787" metadataPrefix="marc">https://riuma.uma.es/rest/oai/request</request><GetRecord><record><header><identifier>oai:riuma.uma.es:10630/40787</identifier><datestamp>2026-02-03T12:00:23Z</datestamp><setSpec>com_10630_2254</setSpec><setSpec>col_10630_37959</setSpec></header><metadata><record xmlns="http://www.loc.gov/MARC21/slim" xmlns:dcterms="http://purl.org/dc/terms/" xmlns:doc="http://www.lyncode.com/xoai" xmlns:xsi="http://www.w3.org/2001/XMLSchema-instance" xsi:schemaLocation="http://www.loc.gov/MARC21/slim http://www.loc.gov/standards/marcxml/schema/MARC21slim.xsd">
   <leader>00925njm 22002777a 4500</leader>
   <datafield ind2=" " ind1=" " tag="042">
      <subfield code="a">dc</subfield>
   </datafield>
   <datafield ind2=" " ind1=" " tag="720">
      <subfield code="a">Fernández-Ramírez, Marina</subfield>
      <subfield code="e">author</subfield>
   </datafield>
   <datafield ind2=" " ind1=" " tag="260">
      <subfield code="c">2025</subfield>
   </datafield>
   <datafield ind2=" " ind1=" " tag="520">
      <subfield code="a">La irrupción de la inteligencia artificial (IA) en el ámbito jurídico plantea un profundo desafío para la educación superior en Ciencias Jurídicas. Ya no basta con formar juristas que dominen el marco normativo tradicional; es necesario preparar profesionales capaces de comprender, cuestionar y utilizar tecnologías algorítmicas que están transformando la práctica legal, la administración de justicia y el acceso al derecho.&#xd;
La IA se aplica en tareas como la predicción de sentencias, la automatización de contratos, el análisis de jurisprudencia y la gestión documental. Aunque estas herramientas prometen eficiencia, también generan dilemas éticos, riesgos de sesgo y tensiones con principios fundamentales como la equidad, la privacidad y la transparencia. Por ello, el nuevo perfil del jurista debe incluir competencias digitales, pensamiento crítico frente a sistemas automatizados y una sólida formación ética.&#xd;
Desde el punto de vista pedagógico, esto exige una revisión profunda de los planes de estudio. La enseñanza del Derecho debe abrirse a la interdisciplinariedad, incorporando nociones de ciencia de datos, filosofía de la tecnología y sociología digital. Además, se requieren metodologías activas que simulen escenarios reales con IA, fomenten el debate ético y promuevan la reflexión sobre el papel del Derecho en una sociedad tecnificada.&#xd;
En suma, preparar a los jóvenes juristas para un mundo algorítmico implica no solo enseñarles a utilizar herramientas digitales, sino formar ciudadanos críticos capaces de defender los valores democráticos en entornos cada vez más automatizados. La Academia tiene ante sí el reto de formar profesionales que no sean meros operadores tecnológicos, sino verdaderos intérpretes de justicia en un marco digital.</subfield>
   </datafield>
   <datafield ind1="8" ind2=" " tag="024">
      <subfield code="a">https://hdl.handle.net/10630/40787</subfield>
   </datafield>
   <datafield tag="653" ind2=" " ind1=" ">
      <subfield code="a">Inteligencia artificial - Derecho y legislación</subfield>
   </datafield>
   <datafield tag="653" ind2=" " ind1=" ">
      <subfield code="a">Tecnología - Aspectos morales</subfield>
   </datafield>
   <datafield ind2="0" ind1="0" tag="245">
      <subfield code="a">La inteligencia artificial y el derecho: ¿cómo preparar a los jóvenes juristas para un mundo algorítmico?</subfield>
   </datafield>
</record>
</metadata></record></GetRecord></OAI-PMH>